00778 a2200205 4500999001900000005001700019010001500036020003000051035001400081037001600095082001300111100002800124245006000152250000900212260005900221270009800280300002200378942003200400952014000432 c182849d18284920211208113011.0 aENG-130230 c709.00a978-93-544-9470-3 aEN-113762 bDBAD / PUB a381.1068 aJanakiramanan, Sundaram aDerivatives and Risk ManagementcSundaram Janakiramanan a2022 aNoidabPearson India Education Services Pvt Ltd.c2022 bUttar Pradeshe201301a15th Floor, Tower-B, World Trade Tower, Plot No. 1, Block-C, Sector 16 a497p.c24cm (pbk) adplcEN2ddch381.1068mJAN 001040708NFICaBL4bBL4d2021-12-08eDBAD/PUBg709.00l3m2o381.1068 JANpEN-113762r2024-05-15 00:00:00s2024-04-08t1v709.00yEN